Регионална библиотека "Любен Каравелов" - Русе

Близки и непостижими (Запис номер 11683)

MARC детайли
000 -Лидер
Контролно поле с фиксирана дължина 01542nam a2200361 c 4500
003 - Код на организацията, давaща контролен номер
Контролно поле BLK
005 - Дата и час на последна редакция
Контролно поле 20240623004052.0
008 - Елементи от данни с фиксирана дължина
fixed length control field 180412b bul|||||r ||||||| ||bul||
010 ## - Наследен системен номер
LC control number KNG00013238000
020 ## - Международен стандартен номер на книга ISBN
Международен стандартен номер на книга ISBN 954-445-155-2
-- издат.: Христо Ботев
040 ## - Източник на каталожния запис
Идентификатор на билиотеката - собственик на записа BLK
041 ## - Код за език
Код за езика на текст/звукозапис или на отделно заглавие Български
Код за езика КДБФ Български
080 ## - УДК
Текстов определител УДК Българска литература
УДК код - определител по УДК 821.163.2
УДК определител (092)
УДК - код + определител 821.163.2(092)
080 ## - УДК
Текстов определител УДК Българска литература
УДК код - определител по УДК 821.163.2
УДК определител .09
УДК - код + определител 821.163.2.09
080 ## - УДК
Текстов определител УДК Биографии
УДК код - определител по УДК 929
УДК определител (497.2)
УДК - код + определител 929(497.2)
100 ## - Редна дума - Автор
Автор Каролев, Стоян Несторов
R(LIN) 363884
139 ## - Редно поле
Редна дума Каролев, Стоян Несторов
Авторски знак Каро - К 42
245 10 - Сведения за заглавието
Заглавие Близки и непостижими
Подзаглавни данни Очерци
Редно поле (дума) Стоян Несторов Каролев.
257 ## - Страна на издаване
Страна на създаване/издаване България
260 ## - Област на издателските данни
-- София
Име на издателя, разпространителя и проч. Христо Ботев
Година на издаване 1996
Печатница Ямбол : Светлина
300 ## - Физическа характеристика
Страници 280 с.
Размери/Мащаб 20 см
380 ## - Жанр
Жанр Литературознание
500 ## - Общи забележки
Забележка За Ив. Вазов, П. Славейков, П. Яворов, Д. Дебелянов, Г. Милев, Д. Талев, Е. Станев, Д. Димов, Н. Вапцаров, В. Петров, Й. Радичков
650 #4 - Допълнително описание по предмет – тема
Основно описание – тема или топоним Българска литература
9 (RLIN) 243597
650 #0 - Допълнително описание по предмет – тема
Основно описание – тема или топоним Писатели, български
9 (RLIN) 241944
650 #4 - Допълнително описание по предмет – тема
Основно описание – тема или топоним Поети, български
9 (RLIN) 241945
852 ## - Местоположение
Форматна сигнатура Цб 188544
856 4# - Електронен адрес и достъп
Електронен формат pdf - файл
Път до файла /url/
856 4# - Електронен адрес и достъп
Електронен формат pdf - файл
Път до файла /url/
942 ## - АРТИКУЛИ
Вид на библиотечния материал Книги
Скрит в OPAC Не
Koha issues (borrowed), all copies 3
944 ## - СЪЗДАВАНЕ И РЕДАКЦИЯ на ЗАПИСА
Създаване/Редакция Създаване
Дата на регистрацията/редакция 15.01.2003
Служител, извършил регистрацията/редакцията
Статус, дата на статуса CRON CRON
944 ## - СЪЗДАВАНЕ И РЕДАКЦИЯ на ЗАПИСА
Създаване/Редакция Редакция
Дата на регистрацията/редакция 28.04.2004
Служител, извършил регистрацията/редакцията
999 ## - СИСТЕМНИ КОНТРОЛНИ НОМЕРА
Koha biblionumber 11683
Koha biblioitemnumber 11683
Наличности
Код за отписване Код за изгубен артикул Източник на класификационната схема Код за повреда Коз за рестрикции Код за отдаване Артикулен № Име на библиотеката - собственик Име на библиотеката, в която се намира в момента Статус (Текущо местоположение) Дата на вписване в системата Местоположение - отдел Цена в лева Инвентарен номер Систематично азбучна сигнатура Баркод Номер на екземпляра Цена в евро Служебна бележка Служебен тип на артикула Бележка за публиката
  Не е изгубен Universal Decimal Classification Не е повреден без рестрикции ползва се в читалня 20294 Регионална библиотека "Любен Каравелов" Русе Регионална библиотека "Любен Каравелов" Русе Читалня 2001-01-01 Читалня 0.46 621668 Ч 821.163.2.09/К 42 120000621668 1 0.24 Дост: Pk Вид: Ф N: стар фонд Дата: 01.01.1996 Дата инв: 27.03.2017 Бележки инв: Ч2017 Книги  
Изтеглен Не е изгубен Universal Decimal Classification Не е повреден без рестрикции заемане за дома 20295 Регионална библиотека "Любен Каравелов" Русе Регионална библиотека "Любен Каравелов" Русе Заемна - подръчен фонд 2001-01-01 Заемна - подръчен фонд 0.90 621669 П 886.7/К 42 621669 2 0.46 Дост: Pk Вид: Ф N: стар фонд Дата: 01.01.1996 Дата инв: 19.02.2018 Бележки инв: П2018 Книги  
Изтеглен Не е изгубен   Не е повреден без рестрикции заемане за дома 20296 Регионална библиотека "Любен Каравелов" Русе Регионална библиотека "Любен Каравелов" Русе   2001-01-01 Заемна - подръчен фонд 0.90 621670 886.7/К 42 621670 3 0.46 Дост: Pk Вид: Ф N: стар фонд Дата: 01.01.1996 Книги Отч.N: 3 , Дата: 17.01.2018
  Не е изгубен Universal Decimal Classification Не е повреден без рестрикции ползва се в читалня 20297 Регионална библиотека "Любен Каравелов" Русе Регионална библиотека "Любен Каравелов" Русе Хранилище 2001-01-01 Хранилище 0.90 625284 Цб 188544 120000625284 4 0.46 Дост: Dp Вид: Д N: 25 Дата: 01.01.1996 Книги  
Vip Innovations Ltd, Rousse, Bulgaria 2025